Introduction to condensed matter physics
Gespeichert in:
| Hauptverfasser: | , |
|---|---|
| Format: | Buch |
| Sprache: | Englisch |
| Veröffentlicht: |
Hackensack
World Scientific
2005
|
| Ausgabe: | 1a. ed |
| Schlagworte: | |
| Tags: |
Tag hinzufügen
Keine Tags, Fügen Sie den ersten Tag hinzu!
|
MARC
| LEADER | 00000nam a2200000 a 4500 | ||
|---|---|---|---|
| 001 | UCH7817 | ||
| 003 | CL-VaPUC | ||
| 008 | 091126e20050000us |||||||||||||||||eng|d | ||
| 020 | |a 9789812560704 | ||
| 020 | |a 981256070X | ||
| 082 | 0 | 4 | |a 530.41 |b FEN |2 21 |
| 100 | 0 | |a Feng, Duan |e author |9 544158 | |
| 700 | 0 | |a Jin, Guojun |e author |9 544159 | |
| 245 | 1 | 0 | |a Introduction to condensed matter physics |
| 250 | |a 1a. ed | ||
| 300 | |a v | ||
| 942 | |c BK | ||
| 945 | |d 20091126 00:00:00 |a cmena | ||
| 260 | |a Hackensack |b World Scientific |c 2005 | ||
| 650 | 7 | |a MATERIA CONDENSADA |2 CL-VaPUC |9 544160 | |
| 650 | 7 | |a FISICA DE LA MATERIA |2 CL-VaPUC |9 358362 | |
| 650 | 7 | |a ESTRUCTURA DE LA MATERIA |2 CL-VaPUC |9 392583 | |
| 583 | |a last modification |c 20171221 03:05:04 |k Rodrigo Vera | ||
| 999 | |c 338165 |d 338163 | ||
| 952 | |0 0 |1 0 |4 0 |6 530_410000000000000_FEN_2005 |7 0 |8 A |9 431029 |a BIBCUR |b BIBCUR |d 2019-11-22 |h v.1 |i 4622030 |o 530.41 FEN 2005 |p 4622030 |r 2025-04-22 |w 2019-11-22 |y BK |k DCF | ||